| 000 | 00821nam a22002297a 4500 | ||
|---|---|---|---|
| 999 |
_c5798 _d5798 |
||
| 003 | AR-CdUCM | ||
| 008 | 190313b ||||| |||| 00| 0 spa d | ||
| 040 |
_aMUNICIPALIDAD PROVINCIAL DEL CUSCO _cBIBLIOTECA MUNICIPAL DEL CUSCO |
||
| 082 |
_a869.56 / _bL372 |
||
| 100 |
_aLauer, Mirko _91114 |
||
| 245 | _aVuelta a la otra magen / | ||
| 260 |
_aLima : _bCasa de la cultura del Perú, _c1970. |
||
| 300 |
_a216 páginas ; _c17 cm. |
||
| 500 | _aDonación familia Nieto | ||
| 505 | _aContenido: Cesar Moro -- Carlos Oquendo de Amat -- Martín Adán -- Emilio Adolfo Westphalen -- Jorge Eduardo Eielson -- Leopoldo Chariarse. | ||
| 650 |
_aAntología poética _93092 |
||
| 650 |
_aEtapa literaria _917204 |
||
| 650 |
_aPoesía peruana _9806 |
||
| 700 |
_aOquendo, Abelardo _91116 |
||
| 942 |
_2ddc _cLIBROS |
||
| 945 | _adavv | ||